MEGA GAME: Animal names #1 - Statistics

General Stats
  • This quiz has been taken 14 times
    5 since last reset
  • The average score is 70 of 152
Answer Stats
Picture Answer % Correct
Aardvark
100%
Alpaca
100%
Bison
100%
Chicken
100%
Crab
100%
Crow
100%
Flamingo
100%
Gorilla
100%
Kangaroo
100%
Ostrich
100%
Raccoon
100%
Walrus
100%
Albatross
50%
Alligator
50%
Anaconda
50%
Angelfish
50%
Ant
50%
Anteater
50%
Ape
50%
Aphid
50%
Arctic fox
50%
Armadillo
50%
Axolotl
50%
Baboon
50%
Badger
50%
Bald eagle
50%
Barn owl
50%
Bat
50%
Bear
50%
Beaver
50%
Bee
50%
Beluga
50%
Blackbird
50%
Black widow
50%
Bluebird
50%
Boa
50%
Buffalo
50%
Bumblebee
50%
Butterfly
50%
Camel
50%
Capybara
50%
Caribou/reindeer
50%
Carp
50%
Cassowary
50%
Cat
50%
Catfish
50%
Chameleon
50%
Cheetah
50%
Chimpanzee
50%
Chipmunk
50%
Cicada
50%
Clam
50%
Clownfish
50%
Cobra
50%
Cockatoo
50%
Cockroach
50%
Cougar/puma
50%
Cow
50%
Crane
50%
Crayfish
50%
Cricket
50%
Crocodile
50%
Dolphin
50%
Eagle
50%
Earwig
50%
Echidna
50%
Eel
50%
Elephant
50%
Fly
50%
Fox
50%
Frog
50%
Gazelle
50%
Gecko
50%
Goldfish
50%
Goose
50%
Grasshopper
50%
Grizzly bear
50%
Guinea pig
50%
Hamster
50%
Hare
50%
Hawk
50%
Hedgehog
50%
Hippopotamus
50%
Horse
50%
Killer whale/orca
50%
Kiwi
50%
Koala
50%
Komodo dragon
50%
Ladybug
50%
Leopard
50%
Lion
50%
Lizard
50%
Llama
50%
Lobster
50%
Lynx
50%
Mammoth
50%
Mole
50%
Moth
50%
Mouse
50%
Octopus
50%
Okapi
50%
Opossum
50%
Orangutan
50%
Oyster
50%
Pangolin
50%
Panther
50%
Pheasant
50%
Pigeon
50%
Platypus
50%
Polar bear
50%
Prawn
50%
Praying mantis
50%
Rat
50%
Red panda
50%
Shrimp
50%
Starfish
50%
Tuna
50%
Turtle
50%
Wallaby
50%
Warthog
50%
Wasp
50%
Weasel
50%
Whale
50%
Wild boar
50%
Wolf
50%
Wolverine
50%
Yak
50%
Zebra
50%
Anglerfish
0%
Antelope
0%
Arabian
0%
Asp
0%
Barracuda
0%
Bass
0%
Beetle
0%
Canary
0%
Cardinal
0%
Caterpillar
0%
Cayman
0%
Centipede
0%
Condor
0%
Coral
0%
Cuckoo
0%
Earthworm
0%
Gerbil
0%
Gopher
0%
Grouse
0%
Heron
0%
Horseshoe crab
0%
Locust
0%
Louse
0%
Zebrafish
0%
No matching quizzes found
Score Distribution
Percent of People with Each Score
Percentile by Number Answered
Your Score History
You have not taken this quiz since the last reset